[Event "Riga Summer Festival 2020"]
[Site "Riga"]
[Date "2020.06.19"]
[Round "6.5"]
[White "Krivonosov, Oleg"]
[Black "Salna, Aleksandras"]
[Result "1-0"]
[WhiteElo "2391"]
[BlackElo "2063"]
[Annotator "TA"]
[PlyCount "101"]
[EventDate "2020.06.15"]
[EventType "swiss"]
[EventCountry "LAT"]
[SourceTitle "playchess.com"]
[Source "ChessBase"]
[SourceQuality "1"]

{[%evp 14,101,19,9,10,11,8,6,45,33,20,12,14,6,11,10,19,19,32,0,0,0,0,0,6,10,19,19,19,19,21,27,17,2,8,0,0,0,0,0,0,0,0,0,0,0,0,0,0,0,25,25,38,25,48,48,57,31,35,20,83,97,103,100,109,113,87,80,97,87,87,70,65,0,0,0,0,0,0,0,0,0,29976,29978,29977,29978,29983,29984,29984,29985]} 1. Nf3 d5 2. d4 c6 3. c4 e6 4. Qc2 Nf6 5. g3 dxc4 6. Qxc4 b5 7. Qd3 Bb7 8. Bg2 Nbd7 {D30: Queen's Gambit Declined: Systems without Nc3.} 9. O-O a6 10. Be3 Nd5 {The position is equal.} 11. Nc3 c5 12. dxc5 {Hoping for Nxd5.} Nxe3 13. Qxe3 Bxc5 14. Qf4 O-O 15. Rfd1 Qe7 {[#]} 16. Rac1 $146 (16. b4 $5 Bxb4 17. Rxd7 $1 {[%mdl 512]} Qxd7 18. Qxb4 $14) ({Predecessor:} 16. Ne5 Nxe5 17. Qxe5 Bxg2 18. Kxg2 Rfd8 19. Rac1 Bb4 20. Ne4 f6 21. Qf4 Rxd1 22. Rxd1 {1-0 (56) Andersson,U (2594)-Vera Gonzalez Quevedo,R (2546) Havana 2003}) 16... Rac8 17. Ng5 Bxg2 18. Kxg2 Nf6 19. Nge4 Qb7 20. Qf3 Nxe4 21. Nxe4 {Strongly threatening Nf6+!} Qa7 22. Nxc5 Rxc5 23. e3 h6 24. Qe4 Rfc8 25. Rxc5 Qxc5 $11 {[%mdl 4096] Endgame KQR-KQR} 26. b3 Qc7 27. Rd2 g6 28. h4 Qc6 29. Qxc6 Rxc6 {KR-KR} 30. Rd8+ Kg7 31. Ra8 e5 32. g4 Re6 33. Kf3 Rf6+ 34. Kg3 Rc6 35. Ra7 Kf6 36. Kf3 Ke6 (36... Kg7 $11) 37. g5 $1 $16 {[%cal Rg5h6]} hxg5 38. hxg5 Kf5 39. Rxf7+ Kxg5 {[#]} 40. Ke4 $1 Rc2 41. Kxe5 {f4+ is the strong threat.} Rxa2 42. f4+ Kg4 43. Rg7 (43. Kf6 $14) 43... Kf3 $11 44. Rxg6 {Threatens to win with f5.} Re2 45. Kd4 {And now f5 would win.} (45. Kd6 {seems wilder.} Rxe3 46. f5 Rxb3 47. f6 Rd3+ 48. Ke5) 45... Rxe3 {[#]} 46. Rg3+ $3 {[%mdl 512]} Kxg3 47. Kxe3 {Intending f5 and mate.} Kg4 $2 {[%mdl 8192] [#]} (47... Kh4 $11) 48. b4 $1 {[%cal Bb3b4,Bb4a5][%mdl 32] White mates.} Kf5 49. Kf3 a5 50. bxa5 b4 51. Ke3 {Accuracy: White = 93%, Black = 87%.} (51. a6 b3 $11) 1-0

[Event "Riga Summer Festival 2020"]
[Site "Riga"]
[Date "2020.06.20"]
[Round "7.1"]
[White "Semjonovs, Ilja"]
[Black "Sveshnikov, Vladimir"]
[Result "1/2-1/2"]
[WhiteElo "2362"]
[BlackElo "2424"]
[Annotator "TA"]
[PlyCount "31"]
[EventDate "2020.06.15"]
[EventType "swiss"]
[EventCountry "LAT"]
[SourceTitle "playchess.com"]
[Source "ChessBase"]
[SourceQuality "1"]

{[%evp 14,16,18,17,6]} 1. e4 c5 2. Nf3 Nc6 3. Nc3 e5 4. Bc4 Be7 5. d3 Nf6 6. O-O O-O 7. Nd5 d6 8. c3 Nxd5 {[#] Not much happened in this game. B30: Sicilian: 2...Nc6 3 Bb5, lines without ...g6.} {Predecessor:} 9. Bxd5 $146 Be6 10. Bxe6 fxe6 11. a3 Bf6 12. b4 b6 13. Be3 Qd7 14. Qb3 a5 15. Qc2 axb4 16. axb4 {½-½ (16) Fedorchuk,S (2669)-Cornette,M (2571) Vandoeuvre 2014} 1/2-1/2

[Event "Riga Summer Festival 2020"]
[Site "Riga"]
[Date "2020.06.20"]
[Round "7.2"]
[White "Stepins, Edgars"]
[Black "Berzinsh, Roland"]
[Result "1/2-1/2"]
[WhiteElo "2277"]
[BlackElo "2375"]
[Annotator "TA"]
[PlyCount "124"]
[EventDate "2020.06.15"]
[EventType "swiss"]
[EventCountry "LAT"]
[SourceTitle "playchess.com"]
[Source "ChessBase"]
[SourceQuality "1"]

{[%evp 9,124,0,0,-4,0,0,-5,-26,-13,-14,-18,-30,-30,-18,-24,-50,-36,-31,58,-48,-56,-78,-38,-64,-67,-82,-65,-68,-10,-8,0,-32,0,-48,-54,-43,-55,-45,-51,-43,0,-16,0,-47,-31,-54,0,-31,-39,-45,-20,-21,40,59,22,10,15,7,7,41,296,296,572,562,492,210,221,0,223,212,205,214,210,214,215,219,206,215,302,103,103,18,145,139,139,133,129,19,49,22,24,24,70,8,8,0,0,0,0,0,43,46,46,0,0,0,0,0,0,0,0,0,0,0,0,0,0]} 1. d4 d5 2. Nf3 Nf6 3. Bf4 c5 4. c3 Qb6 5. Qc2 Nc6 {[%cal Rc5d4]} 6. dxc5 {D02: 1 d4 d5 2 Nf3 sidelines, including 2...Nf6 3 g3 and 2...Nf6 3 Bf4.} Qxc5 7. Nbd2 g6 8. e3 Bg7 9. h3 O-O 10. Be2 Re8 11. O-O e5 $36 {[%mdl 2048] Black has the initiative.} 12. Bh2 Bf5 13. Qb3 Rad8 {[#]} (13... Qe7 $15) 14. Rfc1 $146 (14. Qxb7 $14 Rb8 15. Qa6) ({Predecessor:} 14. Rac1 Qe7 15. Rfe1 Ne4 16. Rcd1 Nc5 17. Qb5 Bc2 18. b4 Na4 {0-1 (18) Stanicic,B-Cvetkovic,S (2423) Vrnjacka Banja 2005}) 14... Qe7 $15 15. Bf1 h5 16. a4 Ne4 17. Rd1 Nc5 18. Qa3 Bf8 (18... Bc2 $15 19. Rdc1 Bd3) 19. b4 $11 Nd3 20. Qb3 Qf6 21. Bg3 g5 $1 22. h4 g4 23. Ne1 Nxe1 24. Rxe1 Qg6 25. a5 Bg7 26. a6 b6 27. Bb5 Re6 ({Better is} 27... Bc2 $15 28. Qb2 Bd3 29. Bxd3 Qxd3) 28. Rac1 Bd3 29. Qa4 Ne7 30. c4 $1 Nf5 (30... e4 $11) 31. cxd5 $14 Rxd5 32. Rc8+ Kh7 33. Bxd3 $1 Rxd3 34. Ne4 Bh6 $2 {[%mdl 8192]} ({Avoid the trap} 34... Nxg3 $2 35. Ng5+ Kh6 36. Nxe6 $18) (34... Nxh4 $1 $14 35. Bxh4 Qxe4) 35. Qb5 Nd6 $2 (35... Nxg3 36. Nxg3 Rd2) 36. Nxd6 $18 ({Weaker is} 36. Qxd3 Nxc8 37. Qd5 Rc6 $18) 36... Rdxd6 37. Bxe5 (37. Rc7 $142) 37... Qf5 38. Rh8+ Kg6 {[#]} 39. Rxh6+ $1 {[%mdl 64] Remove Defender} Kxh6 40. Bf4+ Kg6 41. Qxf5+ Kxf5 42. Bxd6 Rxd6 {[%mdl 4096] Endgame KR-KR} 43. Rc1 {Rc7 is the strong threat.} Ke6 (43... b5 {was worth a try.} 44. Rc7 Rxa6) 44. Kf1 $2 (44. Rc7 $18 {and White stays clearly on top.}) 44... b5 $16 45. Ra1 (45. Kg1 $16) 45... Rd2 (45... Rc6 $11) 46. Ra5 Rd5 47. Ke2 f5 48. Ra2 (48. f3 $16) 48... Rd6 $11 49. f3 Ke5 50. Kf2 f4 51. fxg4 (51. exf4+ $1 $14 Kxf4 52. g3+ Kf5 53. Rc2) 51... hxg4 52. exf4+ Kxf4 53. g3+ Ke4 $1 54. Re2+ Kf5 55. Ke3 Re6+ 56. Kd3 {[#] Black must now prevent Rxe6.} (56. Kd2 $5 {[%cal Re2e6]} Rd6+ 57. Kc2 $14) 56... Rxa6 {The position is equal.} 57. Kd4 Rd6+ 58. Kc3 Rc6+ 59. Kb3 Rd6 {And now ...Rd3+ would win.} 60. Re3 Rd1 61. Kc2 Ra1 62. Kd3 Rb1 {Blacks defense is rewarded with a draw. Accuracy: White = 68%, Black = 59%.} 1/2-1/2

[Event "Riga Summer Festival 2020"]
[Site "Riga"]
[Date "2020.06.20"]
[Round "7.3"]
[White "Stabulnieks, Klavs"]
[Black "Krivonosov, Oleg"]
[Result "1/2-1/2"]
[WhiteElo "2204"]
[BlackElo "2391"]
[Annotator "TA"]
[PlyCount "32"]
[EventDate "2020.06.15"]
[EventType "swiss"]
[EventCountry "LAT"]
[SourceTitle "playchess.com"]
[Source "ChessBase"]
[SourceQuality "1"]

{[%evp 12,32,21,0,0,6,18,4,9,12,14,20,33,19,64,47,79,50,60,49,51,35,45]} 1. d4 d5 2. c4 e6 3. Nc3 Nf6 4. cxd5 exd5 5. Bg5 c6 6. e3 Bf5 7. Bd3 Bxd3 {D35: Queen's Gambit Declined: Exchange Variation.} 8. Qxd3 Nbd7 9. Nge2 Be7 {The position is equal.} 10. O-O O-O 11. f3 h6 12. Bh4 {[#]} c5 $146 ({Predecessor:} 12... Re8 13. Bf2 b5 14. Ng3 Rc8 15. Nce2 a6 16. b3 c5 17. dxc5 Bxc5 18. Nf4 Ne5 {½-½ (49) Rudenko,A (2332)-Hoppe,F (2247) ICCF email 2015}) 13. dxc5 Nxc5 14. Qd2 Ncd7 {White is slightly better.} 15. Rfd1 Re8 16. Bf2 Nb6 {Black got outplayed after the opening. Accuracy: White = 89%, Black = 89%.} 1/2-1/2

[Event "Riga Summer Festival 2020"]
[Site "Riga"]
[Date "2020.06.20"]
[Round "7.4"]
[White "Mustaps, Matiss"]
[Black "Olde, Grete"]
[Result "1-0"]
[WhiteElo "2370"]
[BlackElo "1968"]
[Annotator "TA"]
[PlyCount "93"]
[EventDate "2020.06.15"]
[EventType "swiss"]
[EventCountry "LAT"]
[SourceTitle "playchess.com"]
[Source "ChessBase"]
[SourceQuality "1"]

{[%evp 25,93,7,9,2,0,-17,0,-62,-54,-62,27,28,99,92,93,6,28,20,6,33,91,77,159,135,163,165,266,134,138,134,202,208,191,202,208,178,290,281,303,312,353,343,479,503,489,480,615,600,638,604,622,543,617,612,816,806,716,661,961,807,854,793,1703,1673,29978,9598,3068,2252,29989,29990]} 1. e4 e5 2. Nf3 Nc6 3. Bb5 a6 4. Ba4 Nf6 5. d3 b5 6. Bb3 Be7 7. O-O d6 8. c3 O-O 9. Re1 Na5 10. Bc2 c5 11. Nbd2 {[%cal Bb1d2,Bd2f1,Bf1e3,Be3f5][%mdl 32]} Nc6 12. Nf1 h6 13. h3 Re8 14. Ne3 {C90: Closed Ruy Lopez with 7...d6: Early deviations.} Be6 {is now more promising than 14...Bf8.} 15. Nh2 d5 16. Qf3 (16. exd5 $11 Nxd5 17. Nxd5 Bxd5 18. Ng4) 16... d4 $15 17. Nf5 {[#]} c4 $146 (17... Bf8 $15) ({Predecessor:} 17... Bf8 18. Ng4 Nxg4 19. hxg4 Rc8 20. Qg3 f6 21. Bd2 c4 22. Red1 Qb6 23. Rab1 cxd3 {½-½ (44) Timofeev,A (2651)-Karjakin,S (2723) Khanty-Mansiysk 2009}) 18. dxc4 $11 bxc4 (18... Bf8 $11 {remains equal.}) 19. Ba4 $16 Rc8 {[#]} 20. Ng4 (20. Bxh6 $1 $16 {[%mdl 512]} Bxf5 (20... gxh6 21. Qg3+) 21. exf5) 20... Nxg4 21. Qxg4 {[%csl Gf5][%cal Rg4g7]} Bxf5 22. exf5 {Hoping for Bxh6.} Kh8 ({Better is} 22... Kf8 $14) 23. Qh5 Qd6 (23... Kg8 $142) 24. Qxf7 $40 {[%mdl 128] Black is in trouble.} Rf8 25. Qxc4 Rxf5 (25... dxc3 {was worth a try.} 26. Qxa6 (26. bxc3 Nd4 $16) 26... Nd4 27. Qxd6 Bxd6 28. bxc3 Rxc3) 26. cxd4 ({Don't play} 26. Qxa6 $6 Rff8 $18) ({White should play} 26. Bc2 $18 Rf6 27. Qd3) 26... Bh4 27. Rf1 {Threatens to win with dxe5.} (27. Qxa6 $6 Bxf2+ 28. Kh1 Qd8 $14) 27... exd4 {[#]} (27... Qxd4 $16 28. Qxd4 exd4) 28. Bd2 $1 $18 ({Much less strong is} 28. Qxa6 $6 Qf8 $16) 28... Ne7 29. Qd3 Rcf8 {[%cal Rh4f2]} 30. f4 Ng6 (30... R5f6 $142 31. a3 Qb6) 31. Bc2 Qc5 32. b4 Qd5 33. a4 {[%cal Ba2a4,Ba4a5][%mdl 32]} ({Weaker is} 33. Qxa6 d3 $18) 33... Qg8 34. g3 Bd8 35. a5 Qd5 36. Qxa6 R5f6 37. Qd3 Qd7 38. Kg2 Bc7 39. b5 {[%cal Bb4b5,Bb5b6][%mdl 32]} h5 40. b6 Bb8 41. Qf3 Qb5 42. Rab1 {[%cal Ba1b1,Bb1b5,Bb5c5][%mdl 32]} Qc5 43. Bd3 Bxf4 44. Rb5 Ne5 45. Qxh5+ Rh6 {[#]} 46. Qxh6+ $1 {[%mdl 512]} Bxh6 47. Rxc5 {Accuracy: White = 78%, Black = 30%.} 1-0

[Event "Riga Summer Festival 2020"]
[Site "Riga"]
[Date "2020.06.20"]
[Round "7.5"]
[White "Chukavin, Kirill"]
[Black "Jazdanovs, Aleksandrs"]
[Result "0-1"]
[WhiteElo "2348"]
[BlackElo "2222"]
[Annotator "TA"]
[PlyCount "120"]
[EventDate "2020.06.15"]
[EventType "swiss"]
[EventCountry "LAT"]
[SourceTitle "playchess.com"]
[Source "ChessBase"]
[SourceQuality "1"]

{[%evp 28,120,18,14,28,-24,-12,0,48,0,0,0,0,0,0,-2,21,-23,-14,-10,-19,-95,-81,-100,0,-108,-79,-117,-120,-148,-151,-185,-187,-225,-234,-333,-336,-343,-332,-332,-332,-332,-332,-332,-332,-332,-332,-332,-325,-325,-325,-325,-308,-325,-325,-385,-380,-377,-370,-393,-387,-385,-370,-385,-364,-487,-486,-481,-466,-566,-566,-566,-566,-558,-558,-552,-550,-537,-532,-530,-485,-5306,-604,-1010,-571,-29965,-29964,-29966,-29965,-29964,-29958,-29967,-29967,-29949,-6095]} 1. e4 e5 2. Nf3 Nc6 3. Bb5 a6 4. Ba4 Nf6 5. O-O Be7 6. Re1 b5 7. Bb3 d6 8. c3 O-O 9. d4 exd4 10. cxd4 Bg4 11. Be3 Na5 12. Bc2 Nc4 13. Bc1 c5 14. b3 Nb6 15. Bb2 Rc8 {C91: Closed Ruy Lopez: 7...d6 8 c3 0-0 9 d4.} 16. dxc5 (16. Nbd2 $142) 16... dxc5 $11 17. Qe2 Bh5 {[#] The position is equal.} 18. e5 $146 ({Predecessor:} 18. Nc3 c4 19. Rad1 Qc7 20. e5 Ne8 21. e6 Nf6 22. Bf5 Rce8 23. Ne4 fxe6 24. Bxe6+ {1-0 (62) Egorova,E (2132)-Soloviev,V St Petersburg 2007}) 18... Nfd5 $1 19. Nc3 Nxc3 20. Bxc3 Nd5 21. Bd2 Qb6 22. a4 c4 23. Bf5 {Strongly threatening axb5.} c3 $36 {[%mdl 2048] Black is pushing.} 24. Bc1 {[#]} (24. Bxc8 $11 Rxc8 25. Bc1) 24... Rcd8 $1 $17 25. axb5 Qxb5 ({Black should play} 25... axb5 $17 26. Bd3 Nb4) 26. Qxb5 (26. Bxh7+ $11 Kxh7 27. Ng5+ Bxg5 28. Qxh5+ Bh6 29. Bxh6 gxh6 30. Qf5+ Kg7 31. Qg4+ Kh7 32. Qf5+ Kg8 33. Qg4+ Kh8 34. Qh3) 26... axb5 {White is on the road to losing.} 27. Nd4 Bg6 28. Bxg6 fxg6 ({Don't play} 28... hxg6 29. Nc6 $17) 29. Nxb5 c2 30. Nd6 {[#]} Nb4 $1 31. Ra7 (31. g3 {was necessary.}) 31... Nd3 $19 {[%mdl 64] Double Attack} (31... Bxd6 32. exd6 Rf7 33. Ra1 $19) 32. Re2 Bxd6 ({Worse is} 32... Nxc1 33. Rxc2 Bxd6 34. exd6 $11) 33. exd6 Rde8 ({Weaker is} 33... Nxc1 34. Rxc2 Nxb3 35. Rcc7 $11) 34. Rae7 Nxc1 35. Rxc2 Nxb3 36. Rc3 Nd4 {Threatens to win with ...Ne2+.} 37. Rd3 Nf5 38. Rxe8 Rxe8 {[%cal Re8e1][%mdl 4096] Endgame KRN-KR} 39. g4 Nh6 40. h3 Rd8 41. f4 Rd7 42. Kg2 Nf7 43. Re3 {[%cal Re3e8]} Nxd6 44. Rd3 Kf7 45. Kf3 Rd8 46. Rd2 Nb7 47. Rc2 {intending Rc7+.} Rd7 48. Rc6 Nd8 49. Rc3 Ne6 50. Ra3 Rd4 51. Ra7+ Ke8 52. Ra8+ Kd7 53. Ra7+ Kc8 54. Rf7 (54. Ra8+ $142 Kb7 55. Rh8) 54... Kd8 55. Ke3 Ke8 56. Rxg7 Nxg7 {Black mates.} 57. Kxd4 Kf7 58. Ke5 Ne8 59. Kd5 Kf6 60. Kd4 Ke6 {Accuracy: White = 48%, Black = 82%.} (60... h5 $142 61. Ke3 h4 62. Kd3 g5 63. Ke4 Nc7 64. f5 Nb5 65. Kd3 Ke5 66. Kd2 Nc7 67. Ke2 Nd5 68. Kf1 Nf4 69. Kf2 Nxh3+ 70. Kf1 Nf4 71. Kf2 Nd5 72. Kg2 Kf4 73. Kh2 Kxg4 74. Kg1 Kxf5 75. Kf1 g4 76. Kf2 g3+ 77. Kf3 Nf4 78. Ke3 h3 79. Kd4 g2 80. Kc5 g1=Q+ 81. Kc4 h2 82. Kb4 h1=Q 83. Kc3 Qc1+ 84. Kb4 Qb7+ 85. Ka5 Qa3#) 0-1

[Event "Riga Summer Festival 2020"]
[Site "Riga"]
[Date "2020.06.20"]
[Round "8.1"]
[White "Sveshnikov, Vladimir"]
[Black "Stepins, Edgars"]
[Result "1-0"]
[WhiteElo "2424"]
[BlackElo "2277"]
[Annotator "TA"]
[PlyCount "93"]
[EventDate "2020.06.15"]
[EventType "swiss"]
[EventCountry "LAT"]
[SourceTitle "playchess.com"]
[Source "ChessBase"]
[SourceQuality "1"]

{[%evp 25,93,6,15,14,27,16,46,12,21,29,29,25,25,25,25,23,27,27,25,20,51,60,175,178,241,241,223,208,283,123,282,288,287,188,211,196,284,247,305,292,305,305,284,266,494,298,291,280,256,0,339,323,529,965,976,969,959,954,881,926,864,766,881,908,925,739,724,690,875,855]} 1. e4 e5 2. Nf3 Nc6 3. Bb5 a6 4. Bxc6 dxc6 5. O-O f6 6. d4 exd4 7. Nxd4 c5 8. Ne2 Qxd1 9. Rxd1 Bd7 10. Nbc3 O-O-O 11. Be3 Bd6 12. Bf4 Bxf4 13. Nxf4 Ne7 14. f3 {C69: Ruy Lopez: Exchange Variation with 5 0-0 f6.} g6 15. Ncd5 Nxd5 16. Rxd5 {White is slightly better.} b6 17. Rad1 Bc6 18. Rxd8+ Rxd8 19. Rxd8+ Kxd8 $11 {[%mdl 4096] [#] Endgame KB-KN} 20. Kf2 $146 ({Predecessor:} 20. Ne6+ Kd7 21. Nf8+ Ke7 22. Nxh7 Kf7 23. e5 fxe5 24. h4 Bd5 25. a3 Ke7 26. Ng5 {1-0 (62) Socko,M (2449)-Pogonina,N (2467) St Petersburg 2009}) 20... Ke7 21. Ke3 Kd6 22. h4 b5 23. g4 c4 (23... g5 $14) 24. g5 $18 fxg5 (24... Ke5 $142) 25. hxg5 Bb7 26. Nh3 c5 {[#]} 27. Nf2 (27. c3 $1 $18 {is the precise move to win.} Bc8 28. Nf2) 27... Ke6 $2 (27... c3 $16 {keeps fighting.} 28. bxc3 Bc8) 28. c3 Bc6 29. Kf4 Bb7 30. Ng4 Bc6 (30... Ba8 $142 31. e5 a5) 31. e5 Bb7 32. Nf6 Bc6 33. Nxh7 a5 34. Nf6 Ba8 $2 (34... Bb7 35. Ne8 Kd5 36. Nc7+ Kc6) 35. Ne4 Kd5 36. Nd6 Bc6 37. Ne4 $2 ({Better is} 37. a4 $18 bxa4 38. Nc8) 37... a4 $2 {[%mdl 8192]} (37... Ba8 $1 $11 {and Black stays safe.}) 38. a3 Ba8 $2 (38... b4 39. Nf6+ (39. cxb4 cxb4 40. axb4 Kd4 $16) 39... Ke6) 39. e6 {[%mdl 64] [#] Deflection, Decoy. White is clearly winning.} Kxe6 40. Nxc5+ Kd6 41. Ne4+ Ke6 42. Ng3 Bc6 43. Ke3 Kd5 44. Ne2 Be8 45. Nd4 Ke5 46. f4+ Kd5 47. f5 {Accuracy: White = 72%, Black = 42%.} 1-0

[Event "Riga Summer Festival 2020"]
[Site "Riga"]
[Date "2020.06.20"]
[Round "8.2"]
[White "Berzinsh, Roland"]
[Black "Jazdanovs, Aleksandrs"]
[Result "1-0"]
[WhiteElo "2375"]
[BlackElo "2222"]
[Annotator "TA"]
[PlyCount "79"]
[EventDate "2020.06.15"]
[EventType "swiss"]
[EventCountry "LAT"]
[SourceTitle "playchess.com"]
[Source "ChessBase"]
[SourceQuality "1"]

{[%evp 20,79,6,11,49,45,41,50,58,31,43,37,51,53,51,39,51,41,42,42,34,27,23,20,23,23,20,20,25,22,25,25,25,23,32,29,23,22,33,30,29,14,16,9,9,9,31,23,23,14,38,38,27,8,15,9,108,108,413,416,450,442]} 1. e4 c5 2. Nf3 d6 3. Bb5+ Bd7 4. Bxd7+ Qxd7 5. c4 Nf6 6. Nc3 g6 7. d4 cxd4 8. Nxd4 Bg7 9. b3 O-O 10. O-O Nc6 11. Bb2 Nxd4 {B52: Sicilian: Moscow Variation with 3...Bd7.} 12. Qxd4 Ne8 13. Qd2 Nc7 {[#] White is slightly better.} 14. Rfe1 $146 ({Predecessor:} 14. Rad1 Rad8 15. Rfe1 Qg4 16. Nd5 Nxd5 17. Bxg7 Nf4 18. f3 Qxg2+ 19. Qxg2 Nxg2 20. Bxf8 Nxe1 21. Bxe7 Nxf3+ {1-0 (33) Aderito,P (2349)-Canda,D (2289) Dresden 2008}) 14... Rfe8 15. Rad1 Rad8 16. a4 a6 {[%cal Ba7a6,Ba6b5,Bb5b4][%mdl 32]} 17. h3 b5 18. cxb5 axb5 19. a5 b4 $1 20. Nd5 Bxb2 21. Qxb2 Nxd5 22. Rxd5 e6 23. Rd4 Qb5 24. Ra1 {Strongly threatening Qd2.} Ra8 25. Rxd6 {a6 is the strong threat.} Rxa5 26. Rad1 Qe5 27. Qxe5 Rxe5 $14 {[%mdl 4096] Endgame KRR-KRR} 28. R1d4 Rb5 29. Rd7 Reb8 30. Rc7 R8b7 31. Rdd7 Rxc7 32. Rxc7 $11 {KR-KR} f6 33. Kf1 h5 34. Ke2 Kf8 35. h4 g5 36. g3 g4 37. Kd3 f5 {[#]} (37... Ra5 $11) 38. exf5 $1 $16 exf5 $2 {[%mdl 8192]} (38... Rxf5 $16 {is tougher.} 39. Rc2 Rf7) 39. Kd4 $18 Ra5 {[#]} 40. Rc5 $1 {Accuracy: White = 96%, Black = 74%.} 1-0

[Event "Riga Summer Festival 2020"]
[Site "Riga"]
[Date "2020.06.20"]
[Round "8.3"]
[White "Golubovskis, Maksims"]
[Black "Mustaps, Matiss"]
[Result "0-1"]
[WhiteElo "2062"]
[BlackElo "2370"]
[Annotator "TA"]
[PlyCount "116"]
[EventDate "2020.06.15"]
[EventType "swiss"]
[EventCountry "LAT"]
[SourceTitle "playchess.com"]
[Source "ChessBase"]
[SourceQuality "1"]

{[%evp 22,116,57,23,16,28,27,-12,-5,-7,-16,-10,0,-14,-12,-7,-6,-4,0,0,-7,-5,0,-6,-6,-7,0,-1,0,0,0,-12,0,0,0,0,0,0,0,0,0,0,0,0,0,0,0,-23,-11,-69,-58,-70,-85,-109,-90,-78,-48,-47,-54,-98,-62,-62,-57,-98,-45,-45,-45,-49,-53,-59,-59,-633,-629,-610,-546,-896,-882,-882,-853,-967,-960,-939,-914,-915,-902,-1302,-1244,-1365,-1217,-1063,-1032,-5533,-941,-5565,-5485,-1453,-1020]} 1. e4 c5 2. Nf3 Nc6 3. d4 cxd4 4. Nxd4 Nf6 5. Nc3 e6 6. Ndb5 Bb4 7. a3 Bxc3+ 8. Nxc3 d5 9. exd5 exd5 10. Bd3 d4 11. Ne2 Bf5 12. O-O Bxd3 {B45: Sicilian Four Knights.} 13. Qxd3 O-O {[#]} 14. c3 $146 ({Predecessor:} 14. Bg5 h6 15. Bh4 g5 16. Bg3 Qd5 17. b4 b5 18. c3 dxc3 19. Qxc3 Ne4 20. Qc2 Rac8 21. Rfd1 Qf5 22. Qb2 {½-½ (65) Akopian,V (2682)-Ter Sahakyan,S (2572) Yerevan 2014}) 14... dxc3 {The position is equal.} 15. Qxd8 Rfxd8 16. Nxc3 h6 17. Re1 Nd4 {[#] Threatens to win with ...Nc2.} 18. Rb1 Rac8 19. Bf4 Nd5 20. Nxd5 Rxd5 21. Kf1 g5 22. Re5 (22. Bg3 {keeps more tension.} f5 23. f3 Kf7 24. Rbd1 f4 25. Bf2) 22... Rd7 23. Rc1 Rxc1+ (23... Rcd8 {feels hotter.} 24. Be3 f6 25. Re4 Nc6 26. b4 a6) 24. Bxc1 $11 {[%mdl 4096] Endgame KRB-KRN} f6 25. Re8+ Kf7 26. Rc8 a6 27. Be3 Nf5 28. Ke2 h5 29. Rc5 Ke6 30. Rc8 Nh4 31. g3 Nf5 32. Rh8 Rc7 33. Kd3 h4 34. gxh4 Nxh4 35. b4 (35. Ke4 $11) 35... Ng6 $15 36. Re8+ Kf5 37. Bc5 Ne5+ 38. Ke2 b5 39. Rh8 Nc4 40. Rh3 Rd7 41. Rf3+ Ke5 42. Be3 {[#]} Rh7 (42... g4 $1 $17 {[%cal Rg4f3]} 43. Rf4 f5) 43. h3 $1 Rh4 44. Bc5 Re4+ 45. Kd3 f5 46. Be7 $2 {[%mdl 8192] This costs White the game.} (46. Rg3 $15) 46... Ke6 $19 {Black is clearly winning.} 47. Rg3 Ne5+ 48. Kd2 Kxe7 {KRN-KR} 49. Rc3 Nc4+ 50. Kd3 Kd6 51. Rc1 Ke5 52. Rg1 Kf4 53. Rh1 Ne5+ 54. Kd2 Rd4+ 55. Ke2 Nf3 56. Ra1 Rd2+ 57. Kf1 Rb2 58. a4 Rxb4 {Accuracy: White = 70%, Black = 91%.} 0-1

[Event "Riga Summer Festival 2020"]
[Site "Riga"]
[Date "2020.06.20"]
[Round "8.4"]
[White "Semjonovs, Ilja"]
[Black "Kretainis, Kristaps"]
[Result "1/2-1/2"]
[WhiteElo "2362"]
[BlackElo "2263"]
[Annotator "TA"]
[PlyCount "75"]
[EventDate "2020.06.15"]
[EventType "swiss"]
[EventCountry "LAT"]
[SourceTitle "playchess.com"]
[Source "ChessBase"]
[SourceQuality "1"]

{[%evp 11,75,12,41,10,14,11,11,11,13,9,20,26,22,0,9,0,0,-3,3,0,0,0,5,-23,0,0,0,0,0,0,0,0,0,0,0,0,0,0,20,12,22,16,31,31,30,32,35,30,31,31,31,31,31,31,31,29,41,4,10,0,6,0,0,0,0,0]} 1. e4 e6 2. d4 d5 3. Nc3 Bb4 4. exd5 exd5 5. Bd3 c6 6. Qf3 Qf6 (6... Nf6 {keeps more tension.} 7. Bg5 Bg4 8. Qe3+ Be6 9. Nf3 O-O) 7. Be3 {C01: French: Exchange Variation.} (7. Bf4 {looks sharper.} Ne7 8. O-O-O O-O 9. Nce2 Ng6 10. Bg3) 7... Qxf3 8. Nxf3 Ne7 9. O-O-O {[#]} Bg4 $146 ({Predecessor:} 9... Bf5 10. Be2 Nd7 11. Nh4 Be6 12. Na4 Nf5 13. Nxf5 Bxf5 14. a3 Bd6 15. Nc5 Nxc5 16. dxc5 {½-½ (47) Teske,H (2483)-Shubin,K (2334) St Petersburg 2018}) 10. Bf4 Bxf3 11. gxf3 Kd7 12. Rhg1 g6 13. h4 Bd6 14. Bd2 Kc7 15. h5 Nd7 16. Rde1 Rae8 17. Bg5 h6 18. Bxe7 Bxe7 19. hxg6 Bg5+ 20. Kd1 fxg6 21. Rxe8 Rxe8 22. Bxg6 Rf8 23. Ke2 Rf6 24. Bh5 Nf8 25. Kd3 Ne6 {[#] aiming for ...Nf4+.} 26. Ne2 b6 27. Bg4 Nf4+ 28. Nxf4 Rxf4 $11 {[%mdl 4096] Endgame KRB-KRB} 29. Re1 c5 30. dxc5 bxc5 31. c3 c4+ 32. Kc2 d4 33. cxd4 Rxd4 34. Re2 Kd6 {The position is equal.} 35. Bf5 Kc5 36. Be6 Rf4 37. Bg4 Rd4 38. Be6 {Accuracy: White = 92%, Black = 100%.} 1/2-1/2